| 000 | 00378 a2200097 4500 | ||
|---|---|---|---|
| 245 | 0 | 0 |
_aElementy półprzewodnikowe - Metody pomiarów parametrów tranzystorów polowych Postanowienia ogólne PN-85/T-01505/00 / _cMin. Przem. Maszynowego. |
| 246 | 1 | 3 | _aPN-85/T-01505/00 |
| 246 | 1 | 3 | _a621.382.323 |
| 260 |
_aWarszawa : _bMin. Przem. Maszynowego, _c1985. |
||
| 300 |
_a4 stron ; _c30 cm. |
||
| 650 | _aPolska norma | ||
| 999 |
_c21081 _d21081 |
||